| 000 | 00379nam a2200145Ia 4500 | ||
|---|---|---|---|
| 005 | 20250408021937.0 | ||
| 008 | 240331s9999 xx 000 0 und d | ||
| 082 |
_bRAM _a060 |
||
| 100 | _aRamachandran, K.N | ||
| 245 | 0 | _aSoviath nattu arivial | |
| 260 |
_aChennai _bVanathi Pathippagam _c1988 |
||
| 300 | _a243 p ., | ||
| 500 | _aVinveli parappai patriya kadooraikal | ||
| 942 | _cL | ||
| 999 |
_c3579 _d3579 |
||